| 000 | 00818nmc a2200301 a 4500 | ||
|---|---|---|---|
| 003 | AR-BaBNM | ||
| 005 | 20251128204226.0 | ||
| 008 | 235019s1994 ||||||||||||||000 | spa|| | ||
| 020 | _a84297-3731-6 | ||
| 040 | _cAR-BaBNM | ||
| 100 | 1 | _aElias, Norbert | |
| 245 | 1 | 0 |
_aTeoría del símbolo _bun ensayo de antropología cultural |
| 260 |
_aBarcelona _bEdiciones Península _c1994 |
||
| 300 | 0 | _a217 p. | |
| 490 | 0 |
_aIdeas _vv. 29 |
|
| 650 | 4 | _aSOCIOLOGIA CULTURAL | |
| 650 | 4 | _aANTROPOLOGIA CULTURAL Y SOCIAL | |
| 650 | 4 | _aSIMBOLOS | |
| 650 | 4 | _aCULTURA | |
| 650 | 4 | _aCAMBIO CULTURAL | |
| 650 | 4 | _aCONOCIMIENTO | |
| 650 | 4 | _aONTOLOGIA | |
| 650 | 4 | _aEPISTEMOLOGIA | |
| 700 | 1 |
_aKilminster, Richard _eprologuista |
|
| 700 | 1 |
_aAlvarez Flórez, José Manuel _etraductor |
|
| 942 | _cBK | ||
| 998 | _cCarmen | ||
| 999 |
_c6630 _d6630 |
||